000 00312 a2200109 4500
001 ART_21225
005 20260410161600.0
008 260409a
245 1 0 _aMercado de capitales
100 1 _aCamerini, Marcelo A.
773 0 _tProfesional & Empresaria
_g- Año XIV, Nº 170 (nov. 2013)
_wREV70
999 _c9613
_d9613